| 000 | 00999nam a22003017a 4500 | ||
|---|---|---|---|
| 001 | BR8701482 | ||
| 003 | BR-BrBNA | ||
| 005 | 20230928092419.0 | ||
| 007 | ta | ||
| 008 | 230509b bl.||||| |||| 00| 0 por d | ||
| 040 |
_aBR-BrBNA _bpor _cBiblioteca Nacional de Agricultura |
||
| 041 | _a(Por) | ||
| 072 |
_aJ11 _b1740 _b/G514 |
||
| 090 | _ 1740 BR8701482 | ||
| 100 | 1 | _aWerner, R.A. | |
| 110 | 1 | _aAssociacao de Credito e Assistencia Rural de Santa Catarina, Florianopolis (Brasil); | |
| 110 | 1 |
_aEmpresa de Assistencia Tecnica e Extensao Rural do Estado de Santa Catarina, Florianopolis (Brasil) _94031 |
|
| 245 | 1 | _aProcessos e equipamentos para cura artificial de bulbos em cebola [armazenamento, Santa Catarina, Brasil] | |
| 260 | 3 |
_aFlorianopolis, SC (Brasil): _c1980. |
|
| 300 | _a23 p. | ||
| 650 | _aARMAZENAMENTO | ||
| 650 | _aMATURACAO ARTIFICIAL | ||
| 650 | _aCEBOLA | ||
| 650 | _aBULBO | ||
| 650 | _aSANTA CATARINA | ||
| 909 |
_a202309 _bLucia _c55 _dLucia Elande |
||
| 942 | _cBK | ||
| 999 |
_c38915 _d38915 |
||